00286nam a22001097a 4500020002200000082001800022100001900040245006500059260002400124300000700148650002100155 a978-81-8465-612-1 a230.09591 CHO aCho, Kuang Kin aTheological Explorations in Myanmar: Issues and Perspectives aDelhibISPCK c2017 a66 aTheology-Myanmar